| 000 | 00492nam a22001577a 4500 | ||
|---|---|---|---|
| 005 | 20251108172224.0 | ||
| 008 | 250721s2001 xx 000 0 ara d | ||
| 082 | 1 | 4 | _a413.125/خطا |
| 100 | 1 | _aخطاب، هشام | |
| 245 | 1 | 0 | _aأسماء البنين و البنات و معانيها / |
| 264 | 1 |
_aعمان : _bدار عالم الثقافة للنشر و التوزيع، _c2001. |
|
| 300 | _a96ص | ||
| 650 | 1 | 7 | _aالأسماء العربية |
| 942 |
_2ddc _cBK |
||
| 999 |
_c73529 _d73529 |
||